Skutečná /
Vědomí nepravděpodobného je jen pomyslnou hranicí toho, co se může stát skutečností... Detektivní román české autorky.
Uloženo v:
| Série: | Skutečná,
část 1 |
|---|---|
| Hlavní autor: | |
| Médium: | E-kniha |
| Jazyk: | Czech |
| Vydáno: |
Praha :
Dobrovský s.r.o.,
2024
|
| Edice: | Vendeta
|
| Témata: | |
| Příbuzné jednotky: | Z cyklu::
Skutečná |
| Tagy: |
Žádné tagy |
| LEADER | 02365nam a2200409 i 4500 | ||
|---|---|---|---|
| 001 | 312452 | ||
| 003 | CZ PrSKC | ||
| 005 | 20260601215723.0 | ||
| 007 | ta | ||
| 008 | 240704s2024 xr g 000 f cze | ||
| 015 | |a cnb003614179 | ||
| 020 | |a 9788027744244 |q (brožováno) | ||
| 035 | |a (OCoLC)1459785923 | ||
| 040 | |a ABG001 |b cze |e rda | ||
| 072 | 7 | |a 821.162.3-3 |x Česká próza |2 Konspekt | |
| 080 | |a 821.162.3-31 |2 MRF | ||
| 080 | |a (0:82-312.4) |2 MRF | ||
| 100 | 1 | |a Przewozná, Šárka, |d 1987- |7 xx0319591 |4 aut | |
| 245 | 1 | 0 | |a Skutečná / |c Šárka Przewozná |
| 264 | 1 | |a Praha : |b Dobrovský s.r.o., |c 2024 | |
| 300 | |a 290 stran ; |c 20 cm | ||
| 336 | |a text |b txt |2 rdacontent | ||
| 337 | |a bez média |b n |2 rdamedia | ||
| 338 | |a svazek |b nc |2 rdacarrier | ||
| 490 | 1 | |a Vendeta | |
| 520 | 2 | |a Vědomí nepravděpodobného je jen pomyslnou hranicí toho, co se může stát skutečností... Detektivní román české autorky. |b Velitel místního policejního sboru Marek bojuje s vlastními démony, když se v dosud poklidném maloměstě začnou ztrácet děti. Do toho musí spolupracovat s novým členem sboru Adamem, kterého nemůže vystát, a do snů mu vstupuje neznámá žena Alice, jež tvrdí, že mu s případem může pomoci. Když se jednoho dne tato žena objeví na prahu jeho domu, Marek si není jistý, jestli se nezbláznil. Najednou se ocitá ve víru událostí, které nejenže otestují jeho detektivní schopnosti, ale vypustí na povrch i řadu nevyřešených událostí z Markovy minulosti, s nimiž se bude muset vyrovnat... Nakladatelská anotace. | |
| 655 | 7 | |a české romány |7 fd133974 |2 czenas | |
| 655 | 7 | |a detektivní romány |7 fd132010 |2 czenas | |
| 655 | 9 | |a Czech fiction |2 eczenas | |
| 655 | 9 | |a detective novels |2 eczenas | |
| 787 | 0 | 8 | |i Z cyklu: |t Skutečná |g 1 |w (CZ-CtDS)f01d5d39-64f0-5506-9379-b84f79b54f6d |
| 830 | 0 | |a Vendeta | |
| 900 | |a ABA001 |b 21 | ||
| 044 | |a xr | ||
| 910 | |a RBIT002 | ||
| 998 | |d 407746 |a https://core.palmknihy.cz/api/books/407746/cover?sheabn |b https://core.palmknihy.cz/api/books/407746/cover/400?sheabn |c https://core.palmknihy.cz/api/books/407746/cover/50?sheabn |e 2034-06-26 |g 296 |i 9788027744244 |j https://core.palmknihy.cz/api/books/407746/preview.epub |k https://core.palmknihy.cz/api/books/407746/preview.pdf |l |q 49 |r 1 |s https://www.palmknihy.cz/kniha/407746 |t ebook |y 2024 |z 0 | ||
| 999 | |d 312450 | ||